When the world turned upside down / (Record no. 13981)

000 -LEADER
fixed length control field 02159cam a22002655i 4500
020 ## - ISBN
ISBN 9781338746273
020 ## - ISBN
ISBN 1338746278
082 ## - DEWEY DECIMAL CLASSIFICATION NUMBER
Classification number Fic Ib8 2021
100 1# - MAIN ENTRY--PERSONAL NAME
Personal name Ibura, K.
245 10 - TITLE STATEMENT
Title When the world turned upside down /
Statement of responsibility, etc. by K. Ibura.
260 ## - PUBLICATION, DISTRIBUTION, ETC. (IMPRINT)
Place of publication, distribution, etc. New York :
Name of publisher, distributor, etc. Scholastic Press,
Date of publication, distribution, etc. c2021.
300 ## - PHYSICAL DESCRIPTION
Extent/Page number 275 pages ;
Dimensions 22 cm
337 ## - MEDIA TYPE
Media type term unmediated
Media type code n
520 ## - SUMMARY, ETC.
Summary, etc. What do you do when the world shuts down? A heartwarming story of friendship and overcoming adversity in a time of COVID, When the World Turns Upside Down is about community, giving back, and understanding the world around us through the power of generosity from debut middle grade author K. Ibura. Nobody expected a tiny little virus to change the whole world in such a big way, especially not Shayla, Liam, Ai, and Ben. But when school closes to keep everyone safe, their lives turn upside down. It is one thing to learn that the outside world isn't safe, but why does it seem that the virus is causing trouble inside their homes too? As they each struggle to adjust to life in quarantine, they discover they are not alone: their apartment building is full of people who need their help. Working together, they begin to see that there is power in numbers. When they cooperate, they can ease each other's challenges and help their neighbors through tough times. It's a lesson they'll need when protests explode in the streets. Soon, each friend has to decide what it means to be part of a community--and how much they're willing to do to make this world safer for everyone. Set against the onset of COVID, When the World Turned Upside Down navigates issues of race and social justice in a heartwarming story of generosity, friendship, and the power of youth.
526 ## - STUDY PROGRAM INFORMATION NOTE
PROGRAM TYPE FICTION
650 #0 - SUBJECT ADDED ENTRY--TOPICAL TERM
Topical term or geographic name as entry element COVID-19 (Disease)--Juvenile fiction.
650 #0 - SUBJECT ADDED ENTRY--TOPICAL TERM
Topical term or geographic name as entry element Epidemics--Juvenile fiction.
650 #0 - SUBJECT ADDED ENTRY--TOPICAL TERM
Topical term or geographic name as entry element Social justice--Juvenile fiction.
650 #0 - SUBJECT ADDED ENTRY--TOPICAL TERM
Topical term or geographic name as entry element Racism--Juvenile fiction.
650 #0 - SUBJECT ADDED ENTRY--TOPICAL TERM
Topical term or geographic name as entry element Friendship--Juvenile fiction.
650 #0 - SUBJECT ADDED ENTRY--TOPICAL TERM
Topical term or geographic name as entry element Quarantine--Juvenile fiction.
650 #0 - SUBJECT ADDED ENTRY--TOPICAL TERM
Topical term or geographic name as entry element Youth protest movements--Juvenile fiction.
650 #0 - SUBJECT ADDED ENTRY--TOPICAL TERM
Topical term or geographic name as entry element Social problem fiction.
942 ## - ADDED ENTRY ELEMENTS
Classification
Item type Book
Holdings
Withdrawn status Lost status Source of classification or shelving scheme Damaged status Not for loan Collection code Permanent Location Current Location Shelving location Date acquired Source of acquisition Inventory number Full call number Barcode Date last seen Copy number Price effective from Item type
          Fiction High School Library High School Library DEAR 2025-12-09 Scholastic 8364 Fic Ib8 2021 c.1 HS8364 2026-02-12 1 2025-12-09 Book
          Fiction High School Library High School Library DEAR 2025-12-09 Scholastic 8365 Fic Ib8 2021 c.2 HS8365 2026-02-12 2 2025-12-09 Book
          Fiction High School Library High School Library DEAR 2025-12-09 Scholastic 8366 Fic Ib8 2021 c.3 HS8366 2026-02-12 3 2025-12-09 Book